000 00552nam a2200193Ia 4500
008 151119s9999||||xx |||||||||||||| ||und||
082 _a926.1
082 _bGKKV31841
100 _aमांडके अलका
245 _aहृदयस्थ
260 _aमुंबई
260 _bग्रंथाली प्रकाशन
260 _c0
600 _aमांडके अलका
630 _aहृदयस्थ
700 _aमांडके अलका
730 _aहृदयस्थ
942 _cBOOK
999 _c1084153
_d1084150